El matrimonio según los principios de la ley natural (Record no. 25699)

MARC details
000 -LEADER
campo de control de longitud fija 00584nam a2200145 i 4500
001 - NÚMERO DE CONTROL
campo de control 25699
003 - IDENTIFICADOR DE NÚMERO DE CONTROL
campo de control ES-MaACL
005 - FECHA Y HORA DE LA ÚLTIMA TRANSACCIÓN
campo de control 20230906153321.0
007 - CAMPO FIJO DE DESCRIPCIÓN FÍSICA--INFORMACIÓN GENERAL
campo de control de longitud fija t|
008 - DATOS DE LONGITUD FIJA--INFORMACIÓN GENERAL
campo de control de longitud fija 030102s1907 sp ||||1| spa d
100 1# - ENTRADA PRINCIPAL--NOMBRE DE PERSONA
Nombre de persona Aristizabal, José Manuel de.
9 (RLIN) 22858
245 13 - MENCIÓN DEL TÍTULO
Título El matrimonio según los principios de la ley natural
Resto del título : memoria presentada por José Manuel de Aristizabal para la obtención del grado de Doctor en Derecho /
Mención de responsabilidad, etc. José Manuel de Aristizabal.
260 ## - PUBLICACIÓN, DISTRIBUCIÓN, ETC.
Lugar de publicación, distribución, etc. Madrid :
Nombre del editor, distribuidor, etc. [s.n.,
Fecha de publicación, distribución, etc. 1907] (
Fabricante Imp. del Asilo de Huérfanos del S. C. de Jesús)
852 ## - LOCALIZACIÓN
Ubicación ES-MaACL
Número de control de estantería T-1124-F-6
Holdings
Estatus retirado Estado de pérdida Estado de daño No para préstamo Colección Biblioteca de origen Biblioteca actual Ubicación en estantería Fecha de adquisición Fuente de adquisición Total de préstamos Signatura topográfica completa Código de barras Visto por última vez Precio de reemplazo Tipo de ítem Koha
        Colección de folletos Biblioteca del Ateneo de Madrid Biblioteca del Ateneo de Madrid Depósito folletos 17/01/2008     T-1124-F-6 1026504 23/02/2023 23/02/2023 Folleto